Институциональная экономика: учебник для академического бакалавриата

Bibliografiske detaljer
Hovedforfatter: Колосов А. В. Александр Васильевич
Institution som forfatter: Государственный университет управления (ГУУ)
Summary:Рассматриваются основные положения классического и современного институционального направлений экономической теории, складывающиеся тенденции экономических отношений в условиях прогресса цивилизации и жесткой конкуренции на мировом рынке товаров, услуг и капитала.Приводятся вопросы для самоконтроля и конкретные ситуации для анализа. Задания рассчитаны на творческий подход при освоении курса.
Sprog:russisk
Udgivet: Москва, Юрайт, 2016
Serier:Бакалавр. Академический курс
Fag:
Format: MixedMaterials Bog
KOHA link:https://koha.lib.tpu.ru/cgi-bin/koha/opac-detail.pl?biblionumber=315150

MARC

LEADER 00000nam0a2200000 4500
001 315150
005 20231102002740.0
010 |a 9785991644204 
035 |a (RuTPU)RU\TPU\book\340583 
090 |a 315150 
100 |a 20160226d2016 m y0rusy50 ca 
101 0 |a rus 
102 |a RU 
105 |a y j 001zy 
200 1 |a Институциональная экономика  |e учебник для академического бакалавриата  |f А. В. Колосов  |g Государственный университет управления (ГУУ) 
210 |a Москва  |c Юрайт  |d 2016 
215 |a 384 с. 
225 1 |a Бакалавр. Академический курс 
320 |a Библиография в конце глав. 
320 |a Глоссарий: с. 382-384. 
330 |a Рассматриваются основные положения классического и современного институционального направлений экономической теории, складывающиеся тенденции экономических отношений в условиях прогресса цивилизации и жесткой конкуренции на мировом рынке товаров, услуг и капитала.Приводятся вопросы для самоконтроля и конкретные ситуации для анализа. Задания рассчитаны на творческий подход при освоении курса. 
606 1 |a Институциональная экономика  |x Теория  |2 stltpush  |3 (RuTPU)RU\TPU\subj\58918  |9 76601 
610 1 |a экономические отношения 
610 1 |a экономические интересы 
610 1 |a экономическое поведение 
610 1 |a институциональные концепции 
610 1 |a хозяйственная деятельность 
610 1 |a издержки 
610 1 |a теория 
610 1 |a практика 
610 1 |a институциональный анализ 
610 1 |a собственность 
610 1 |a финансовые отношения 
610 1 |a экономические свободы 
610 1 |a экономическая безопасность 
610 1 |a экономическое развитие 
610 1 |a государственность 
610 1 |a институциональные подходы 
610 1 |a принятие решений 
610 1 |a учебники 
610 1 |a практикумы 
686 |a У011я73  |v LBC/SL-A  |2 rubbk 
700 1 |a Колосов  |b А. В.  |g Александр Васильевич 
712 0 2 |a Государственный университет управления (ГУУ)  |c (Москва)  |c (1998- )  |2 stltpush  |3 (RuTPU)RU\TPU\col\23 
801 1 |a RU  |b 63413507  |c 20160226 
801 2 |a RU  |b 63413507  |c 20160406  |g RCR 
900 |a Институциональная экономика 
942 |c BK 
951 |l 8.1 
959 |a 24/20160224  |d 1  |e 659,00  |f ЧЗГЛ:1